Focus: current affairs (Record no. 74581)

MARC details
000 -LEADER
fixed length control field 01818cab a2200229 4500
001 - CONTROL NUMBER
control field ABS68346
008 - FIXED-LENGTH DATA ELEMENTS--GENERAL INFORMATION
fixed length control field 041022n2004 000 0 eng u
035 ## - SYSTEM CONTROL NUMBER
System control number (Sirsi) u127796
100 ## - MAIN ENTRY--PERSONAL NAME
Personal name Anderson, P.
245 ## - TITLE STATEMENT
Title Focus: current affairs
260 ## - PUBLICATION, DISTRIBUTION, ETC.
Date of publication, distribution, etc. 2004
490 ## - SERIES STATEMENT
Series statement Fire Engineers' Journal
Volume/sequential designation 64(248) September 2004, 10-13(4)
520 ## - SUMMARY, ETC.
Summary, etc. "Making amends" reports on the Regulatory Reform (Fire Safety) Order 2004, which is due for implementation in 2005. The parliamentary committee overseeing its introduction have called for a number of amendments to ensure that business and fire authorities can meet its requirements and that the protections contained in current legislation are not lost during the implementation of the new regime. Amendments includefire safety in houses of multiple occupation, underground railway systems and alterations notices. "Support strategy" explains the work undertaken by the Chief Fire Officers' Association supporting the new order. This includes: enforcement and audit policies and procedures; information gathering to support the planning of fire service emergency cover in relation to buildings and the cross-mapping of data-sets relating to buildings/workplaces; the collection of data to support performance indicators/benchmarking of fire authorities; training programmes; and the development of inter-agency protocols. Suggests businesses which comply fully with current legislation should have no concerns about the introduction of this new legislation.
590 ## - LOCAL NOTE (RLIN)
Local note ABS
650 ## - SUBJECT ADDED ENTRY--TOPICAL TERM
Topical term or geographic name entry element REGULATORY REFORM (FIRE SAFETY) ORDER 2005
650 ## - SUBJECT ADDED ENTRY--TOPICAL TERM
Topical term or geographic name entry element FIRE PRECAUTIONS
650 ## - SUBJECT ADDED ENTRY--TOPICAL TERM
Topical term or geographic name entry element HOUSES IN MULTIPLE OCCUPATION
650 ## - SUBJECT ADDED ENTRY--TOPICAL TERM
Topical term or geographic name entry element FIRE PRECAUTIONS ACT 1971
650 ## - SUBJECT ADDED ENTRY--TOPICAL TERM
Topical term or geographic name entry element FIRE PRECAUTIONS (WORKPLACE) REGULATIONS 1997
690 ## - LOCAL SUBJECT ADDED ENTRY--TOPICAL TERM (OCLC, RLIN)
Topical term or geographic name as entry element Health and safety
9 (RLIN) 6244
942 ## - ADDED ENTRY ELEMENTS (KOHA)
Suppress in OPAC 0
Holdings
Withdrawn status Lost status Source of classification or shelving scheme Damaged status Not for loan Home library Current library Shelving location Date acquired Total Checkouts Full call number Barcode Date last seen Copy number Price effective from Koha item type
    Dewey Decimal Classification     London London Journal article 22/10/2004   ABS68346 127796-1001 06/08/2019 1 06/08/2019 Journal article